Guillermo Tyndale : (Registro nro. 52112)
[ vista simple ]
| 000 -LÍDER | |
|---|---|
| Campo fijo de descripción fija | 00989aab a2200205 4500 |
| 001 - NÚMERO DE CONTROL | |
| Campo de control | 768714001 |
| 003 - IDENTIFICADOR DEL NÚMERO DE CONTROL | |
| Campo de control | CO-MdFUSB |
| 005 - FECHA Y HORA DE LA ULTIMA TRANSACCIÓN | |
| control field | 20240422090407.0 |
| 008 - ELEMENTOS DE LONGITUD FIJA -- INFORMACIÓN GENERAL | |
| Campo fijo de descripción fija -- Información general | 240422t1994 ag ||||| |||| 00| 0 spa d |
| 040 ## - FUENTE DE CATALOGACIÓN | |
| Idioma de catalogación | spa |
| Agencia que realiza la transcripción | CO-MdFUSB |
| 041 ## - CÓDIGO DE IDIOMA | |
| Código de idioma para texto/pista de sonido o título separado | spa |
| 100 1# - ASIENTO PRINCIPAL--NOMBRE PERSONAL | |
| Nombre personal | Saavedra, Néstor |
| Término relacionador | autor |
| 245 1# - TÍTULO | |
| Título | Guillermo Tyndale : |
| Subtitulo | Baluarte de la traducción bíblica |
| Mención de responsabilidad | / Néstor Saavedra |
| 300 ## - DESCRIPCIÓN FÍSICA | |
| Extensión | Volumen 13, número 4 (octubre - diciembre, 1994), página: 8 |
| Dimensiones | ; 27 cm |
| 520 ## - NOTA DE RESUMEN, ETC. | |
| Nota de sumario, etc. | Este artículo hace una breve presentación del traductor de manuscritos de la Biblia Guillermo Tyndale. Asimismo, resalta la enseñanza que dejó: "ser fuerte ante las adversidadescuando Dios nos da la convicción de que nos asignó una tarea y trabajamos para su gloria" |
| 650 #7 - ASIENTO SECUNDARIO DE MATERIA - TERMINO TEMÁTICO | |
| Término temático o nombre geográfico como elemento de entrada | Hombres |
| Subdivisión general | Vida religiosa |
| 9 (RLIN) | 7150 |
| 650 #7 - ASIENTO SECUNDARIO DE MATERIA - TERMINO TEMÁTICO | |
| Término temático o nombre geográfico como elemento de entrada | Hombres |
| Subdivisión de forma | Guías de vida práctica |
| 9 (RLIN) | 7146 |
| 773 0# - ASIENTO DE ITEM FUENTE | |
| Título | Iglesia y Misión |
| Biblionumber | 49402 |
| Itemnumber | 59645 |
| Parte(s) relacionada(s) / Volumen., número. (mes año), páginas | Volumen 13, número 4 (octubre - diciembre, 1994), página: 8 |
| Enumeración y primera página | página: 8 |
| 942 ## - TIPO DE MATERIAL (KOHA) | |
| Tipo de Item KOHA | Artículos de Revista |
No hay ítems disponibles.
